| 000 | 00372nam a2200157Ia 4500 | ||
|---|---|---|---|
| 008 | 221030s9999 xx 000 0 und d | ||
| 020 | _a8178840235 | ||
| 041 | _aEnglish | ||
| 082 |
_a105.23 _bBah |
||
| 100 | _aR. Bahl | ||
| 245 | 0 |
_aExploring Word 2002 _cby R. Bahl |
|
| 260 |
_bCyber Tech Pub _aNew Delhi _c2002 |
||
| 300 | _a160 | ||
| 650 | _aBE Computer | ||
| 942 | _cBK | ||
| 999 |
_c1293 _d1293 |
||